2010's Albums - Statistics

General Stats
  • This quiz has been taken 18 times
  • The average score is 16 of 40
Answer Stats
Year Album Artist % Correct
2011 21 Adele
92%
2016 Views Drake
77%
2014 X Ed Sheeran
69%
2011 Watch the Throne Jay-Z and Kanye West
69%
2013 Prism Katy Perry
62%
2010 The Fame Monster Lady Gaga
62%
2015 1989 Taylor Swift
62%
2013 Unorthodox Jukebox Bruno Mars
54%
2014 Ghost Stories Coldplay
54%
2010 Recovery Eminem
54%
2012 The Truth About Love P!nk
54%
2010 Loud Rihanna
54%
2015 Blurryface Twenty One Pilots
54%
2011 4 Beyoncé
46%
2013 Random Access Memories Daft Punk
46%
2017 DAMN. Kendrick Lamar
46%
2017 Melodrama Lorde
46%
2012 Up All Night One Direction
46%
2014 My Everything Ariana Grande
38%
2011 Wasting Light Foo Fighters
38%
2012 Night Visions Imagine Dragons
38%
2015 Purpose Justin Bieber
38%
2013 The 20/20 Experience Justin Timberlake
38%
2014 1000 Forms of Fear Sia
38%
2016 Revolution Radio Green Day
31%
2010 Come Around Sundown Kings of Leon
31%
2012 Living Things Linkin Park
31%
2015 Title Meghan Trainor
31%
2016 Illuminate Shawn Mendes
31%
2015 Beauty Behind the Madness The Weeknd
31%
2013 Hail to the King Avenged Sevenfold
23%
2017 Hopeless Fountain Kingdom Halsey
23%
2016 Hardwired... To Self-Destruct Metallica
23%
2010 The Beginning The Black Eyed Peas
23%
2016 Mind of Mine Zayn Malik
23%
2017 Grateful DJ Khaled
15%
2012 Babel Mumford & Sons
15%
2017 Memories... Do Not Open The Chainsmokers
15%
2014 Lazaretto Jack White
8%
2011 I'm With You Red Hot Chili Peppers
8%
No matching quizzes found
Score Distribution
Percent of People with Each Score
Percentile by Number Answered
Your Score History
You have not taken this quiz